000 00277nam a2200109 a 4500
008 111003s1986|||| d
245 1 0 _aKrajiny sveta
_bPoliticko - ekonomická príručka
260 _bPravda
_aBratislava
_c1986
020 _c95
041 _aslo
044 _axo
_cSK
999 _c19801
_d19801